[Event "AUTO-BEG-406"]
[Site "http://www.queenalice.com/game.php?id=798875"]
[Date "2010.7.5"]
[Round "1"]
[White "gambarulo"]
[Black "durdon"]
[Result "0-1"]
[WhiteElo "1268"]
[BlackElo "1393"]

1. e4 e5 2. Nf3 Nc6 3. Bc4 Bc5 4. c3 Nf6 5. d4 exd4 6. cxd4 Bb4+ 7. Kf1 Nxe4 8.
d5 Ne7 9. Qd4 Nf6 10. Bg5 d6 11. Bxf6 gxf6 12. Qxf6 Rg8 13. Ng5 Bf5 14. g3 h6
0-1

[Event "AUTO-BEG-406"]
[Site "http://www.queenalice.com/game.php?id=798876"]
[Date "2010.7.5"]
[Round "1"]
[White "durdon"]
[Black "gambarulo"]
[Result "1-0"]
[WhiteElo "1376"]
[BlackElo "1292"]

1. e4 e5 2. Nf3 Nc6 3. Nc3 Nf6 4. Bc4 Bc5 5. O-O d6 6. d3 h6 7. Nd5 Nxd5 8. Bxd5
Be6 9. Bxe6 fxe6 10. Be3 Bb6 11. c4 O-O 12. a3 Ne7 13. Bxb6 1-0

[Event "AUTO-BEG-406"]
[Site "http://www.queenalice.com/game.php?id=798877"]
[Date "2010.7.5"]
[Round "1"]
[White "gambarulo"]
[Black "CABALLONEGRO64"]
[Result "0-1"]
[WhiteElo "1292"]
[BlackElo "1699"]

1. e4 c5 2. Nf3 e6 3. d4 cxd4 4. c3 dxc3 5. Nxc3 Nc6 6. Bc4 d6 7. O-O Be7 8. Be3
Nf6 9. h3 O-O 10. Qe2 a6 11. a3 b5 12. Ba2 Bb7 13. Rad1 Qc7 14. Bg5 h6 15. Bxf6
Bxf6 0-1

[Event "AUTO-BEG-406"]
[Site "http://www.queenalice.com/game.php?id=798878"]
[Date "2010.7.5"]
[Round "1"]
[White "CABALLONEGRO64"]
[Black "gambarulo"]
[Result "1-0"]
[WhiteElo "1751"]
[BlackElo "1248"]

1. d4 Nf6 2. c4 e6 3. Nc3 d5 4. Nf3 c6 5. Bf4 Nbd7 6. e3 Be7 7. Bd3 O-O 8. O-O
Re8 9. c5 b6 10. b4 bxc5 11. bxc5 Nxc5 12. dxc5 Bxc5 13. Be5 Bd6 14. Bxd6 Qxd6
15. Qc2 e5 16. Be2 1-0

[Event "Challenge"]
[Site "http://www.queenalice.com/game.php?id=873758"]
[Date "2010.12.18"]
[Round "-"]
[White "gambarulo"]
[Black "Battah"]
[Result "0-1"]
[WhiteElo "1248"]
[BlackElo "1149"]

1. e4 d5 2. exd5 Qxd5 3. Nc3 Qe6+ 4. Be2 Qe5 5. Nf3 Qd6 6. d4 Be6 7. g3 Nc6 8.
d5 Bg4 9. dxc6 bxc6 10. Bf4 Qxd1+ 11. Rxd1 f5 12. h3 Bxf3 13. Bxf3 e6 14. Bxc6+
Kf7 15. Bxa8 Kf6 16. O-O e5 17. Nd5+ Kg6 18. Bxe5 Nf6 0-1

[Event "AUTO-BEG-559"]
[Site "http://www.queenalice.com/game.php?id=1113651"]
[Date "2012.10.18"]
[Round "1"]
[White "jdimas"]
[Black "gambarulo"]
[Result "0-1"]
[WhiteElo "1699"]
[BlackElo "1302"]

1. h4 e5 2. e3 d5 3. c4 Nf6 4. a3 c5 5. cxd5 Nxd5 6. Qh5 Nc6 7. Bc4 Be6 8. Bb5
Bd6 9. Qd1 O-O 10. Nc3 Nf6 11. Bd3 Rc8 12. Bb1 b6 13. Nb5 Bb8 14. h5 h6 15. f3
Nh7 16. Qc2 f5 17. g4 a6 18. Nc3 Ng5 19. f4 exf4 20. exf4 Bxf4 21. gxf5 Bxf5 22.
Ba2+ Kh8 23. Qb3 Bg3+ 24. Kd1 Bg4+ 25. Nge2 Nd4 26. Qc4 Qf6 27. d3 Qf1+ 28. Rxf1
Rxf1+ 29. Kd2 Be1+ 30. Ke3 Rf3# 0-1

[Event "AUTO-BEG-559"]
[Site "http://www.queenalice.com/game.php?id=1113652"]
[Date "2012.10.18"]
[Round "1"]
[White "gambarulo"]
[Black "jdimas"]
[Result "1-0"]
[WhiteElo "1217"]
[BlackElo "1602"]

1. e4 h5 2. d4 e6 3. Nf3 c6 4. Nc3 a5 5. Bd3 b5 6. a3 g6 7. Be3 Bb7 8. Qd2 b4 9.
Ne2 Ba6 10. e5 f6 11. Bxg6+ Ke7 12. Ng5 Nh6 13. Ne4 f5 14. Bg5# 1-0

[Event "AUTO-BEG-559"]
[Site "http://www.queenalice.com/game.php?id=1113657"]
[Date "2012.10.18"]
[Round "1"]
[White "grautvornix"]
[Black "gambarulo"]
[Result "0-1"]
[WhiteElo "1702"]
[BlackElo "1342"]

1. Nf3 f5 2. d3 Nf6 3. Bg5 e6 4. e4 fxe4 5. dxe4 Be7 6. Nc3 h6 7. Bh4 Nxe4 8.
Bxe7 Nxc3 9. Bxd8 Nxd1 10. Bxc7 Nxb2 11. a4 d5 12. Be5 Nc4 13. Bxg7 Rh7 14. Bxc4
Rxg7 15. O-O dxc4 16. Ne5 Rc7 17. Rfd1 Nd7 18. Nxd7 Rxd7 19. c3 Rxd1+ 20. Rxd1
Bd7 21. Rd4 Rd8 22. Rxc4 Bxa4 23. f3 Rd1+ 24. Kf2 Rf1+ 25. Kxf1 Bb5 26. Ke1 Bxc4
27. Kd2 Kd7 28. f4 h5 29. g3 a5 30. Kc2 Kd6 31. h3 Kd5 32. g4 hxg4 0-1

[Event "AUTO-BEG-559"]
[Site "http://www.queenalice.com/game.php?id=1113658"]
[Date "2012.10.18"]
[Round "1"]
[White "gambarulo"]
[Black "grautvornix"]
[Result "1-0"]
[WhiteElo "1378"]
[BlackElo "1764"]

1. e4 Nc6 2. d4 e5 3. Nf3 d6 4. dxe5 Nxe5 5. Nxe5 dxe5 6. Qxd8+ Kxd8 7. Bc4 Ke7
8. Nc3 c6 9. Be3 b6 10. O-O Be6 11. Be2 Kd7 12. Rad1+ Kc7 13. a3 Bd6 14. Nb1 Rd8
15. Nd2 Ne7 16. Nc4 f6 17. Nxd6 Rxd6 18. Rxd6 Kxd6 19. Rd1+ Kc7 20. f4 Rd8 21.
Rxd8 Kxd8 22. f5 Bf7 23. Kf2 Nc8 24. b3 Nd6 25. Bd3 Kc7 26. Bd2 c5 27. a4 c4 28.
bxc4 Nxc4 29. Bxc4 Be8 30. Bb3 g6 31. g4 Kd6 32. Bb4+ Kc7 33. Be7 gxf5 34. gxf5
b5 35. axb5 Bxb5 36. Bxf6 Kd6 37. Bg5 h6 38. Bxh6 1-0

[Event "AUTO-BEG-559"]
[Site "http://www.queenalice.com/game.php?id=1137662"]
[Date "2013.1.6"]
[Round "2"]
[White "adrian_iuga"]
[Black "gambarulo"]
[Result "0-1"]
[WhiteElo "1973"]
[BlackElo "1414"]

1. e4 e5 2. Nf3 Nc6 3. d4 exd4 4. Nxd4 Bc5 5. Be3 Qe7 6. Nc3 Nf6 7. Nxc6 dxc6 8.
Bxc5 Qxc5 9. Bd3 O-O 10. O-O Bg4 11. Qd2 Rfe8 12. Rfe1 Rad8 13. h3 Bd7 14. Na4
Qd6 15. a3 c5 16. c4 Bxa4 17. Re3 Bc6 18. f3 Bxe4 19. Qc2 Bxd3 0-1

[Event "AUTO-BEG-559"]
[Site "http://www.queenalice.com/game.php?id=1137663"]
[Date "2013.1.6"]
[Round "2"]
[White "gambarulo"]
[Black "adrian_iuga"]
[Result "1-0"]
[WhiteElo "1470"]
[BlackElo "1935"]

1. e4 c5 2. Nf3 Nc6 3. d4 cxd4 4. Nxd4 g6 5. Nc3 Bg7 6. Be3 Nf6 7. Qd2 O-O 8.
O-O-O a6 9. f3 b5 10. Bh6 Bb7 11. Bxg7 Kxg7 12. h4 e5 13. Nb3 Ne7 14. Qd6 Nc6
15. Nd5 Ne8 16. Qc5 d6 17. Qe3 Qc8 18. Nb6 Qc7 19. Nxa8 Bxa8 20. h5 Nf6 21. g4
Bb7 22. Be2 b4 23. f4 a5 24. g5 Ng8 25. hxg6 fxg6 26. Bc4 Rxf4 27. Qh3 Kh8 28.
Rxd6 Qg7 29. Rd7 1-0

[Event "AUTO-BEG-559"]
[Site "http://www.queenalice.com/game.php?id=1137664"]
[Date "2013.1.6"]
[Round "2"]
[White "VascodaGama"]
[Black "gambarulo"]
[Result "0-1"]
[WhiteElo "1715"]
[BlackElo "1414"]

1. e4 e5 2. Nf3 Nc6 3. Nc3 Nf6 4. Bc4 Bc5 5. O-O d6 6. Ng5 O-O 7. d3 Qe7 8. Nd5
Nxd5 9. Bxd5 Be6 10. Bxc6 bxc6 11. Nxe6 fxe6 12. c3 d5 13. b4 Bb6 14. a3 a5 15.
Bb2 axb4 16. cxb4 d4 0-1

[Event "AUTO-BEG-559"]
[Site "http://www.queenalice.com/game.php?id=1137665"]
[Date "2013.1.6"]
[Round "2"]
[White "gambarulo"]
[Black "VascodaGama"]
[Result "1-0"]
[WhiteElo "1443"]
[BlackElo "1715"]

1. e4 e5 2. Nf3 Nc6 3. Bb5 d6 4. d4 Bd7 5. Bxc6 Bxc6 6. Nc3 Nf6 7. d5 Bd7 8. O-O
Bg4 9. Qd3 Be7 10. Qb5+ Bd7 11. Qxb7 O-O 12. Be3 Qb8 13. Qxb8 Raxb8 14. b3 c6
15. Rad1 Rfc8 16. Nxe5 1-0